Guess the lyrics (#106) - Statistics

General Stats
  • This quiz has been taken 48 times
  • The average score is 84 of 185
Answer Stats
answer % Correct
I
98%
‘I
98%
a
95%
the
91%
me
74%
you
74%
and
70%
And
70%
love
65%
to
63%
is
60%
my
60%
My
60%
can
58%
no
58%
want
58%
in
56%
So
56%
so
56%
what
56%
what,
56%
if
53%
that
53%
Your
51%
your
51%
It's
49%
it's
49%
am
47%
Am’
47%
am,
47%
am!’
47%
am’
47%
don't
47%
not
44%
say,
37%
Why
37%
life
35%
life,
35%
own
35%
Some
35%
have
33%
take
30%
one
28%
One
28%
time
28%
Give
26%
see
26%
think
26%
up
26%
from
23%
or
21%
out
21%
world
21%
world,
21%
There's
14%
there's
14%
things
14%
come
12%
different
12%
excuses
12%
look,
12%
needs
12%
shout
12%
sometimes
12%
‘til
12%
'til
12%
try
12%
angle?
9%
damn,
9%
damn
9%
‘Hey
9%
hide
9%
hook
9%
Life's
9%
loud
9%
place
9%
worth
9%
bang
7%
creation
7%
drum,
7%
each
7%
little
7%
pretty
7%
sham
7%
special
7%
ace,
5%
closet
5%
deal
5%
deuces
5%
noise,
5%
open
5%
pride
5%
return
5%
spangle,
5%
deck,
2%
ovation
2%
pity
2%
praise,
2%
deposit
0%
feather
0%
No matching quizzes found
Score Distribution
Percent of People with Each Score
Percentile by Number Answered
Your Score History
You have not taken this quiz